<?xml version="1.0" encoding="UTF-8"?>
<record
    xmlns:xsi="http://www.w3.org/2001/XMLSchema-instance"
    xsi:schemaLocation="http://www.loc.gov/MARC21/slim http://www.loc.gov/standards/marcxml/schema/MARC21slim.xsd"
    xmlns="http://www.loc.gov/MARC21/slim">

  <leader>00731nam a2200217 i 4500</leader>
  <controlfield tag="001">94988</controlfield>
  <controlfield tag="003">ES-MaACL</controlfield>
  <controlfield tag="005">20250809063512.0</controlfield>
  <controlfield tag="007">t|</controlfield>
  <controlfield tag="008">170921s1965    sp           ||||1| spa d</controlfield>
  <datafield tag="100" ind1="1" ind2=" ">
    <subfield code="a">Laurentin, Ren&#xE9;, </subfield>
    <subfield code="d">1917-2017</subfield>
    <subfield code="9">70642</subfield>
  </datafield>
  <datafield tag="245" ind1="1" ind2="0">
    <subfield code="a">Balance de la tercera sesi&#xF3;n del Concilio / </subfield>
    <subfield code="c">Ren&#xE9; Laurentin ; traducci&#xF3;n de C&#xE9;sar Alonso de los Rios.</subfield>
  </datafield>
  <datafield tag="260" ind1=" " ind2=" ">
    <subfield code="a">[Madrid] : </subfield>
    <subfield code="b">Taurus, </subfield>
    <subfield code="c">[1965]</subfield>
  </datafield>
  <datafield tag="300" ind1=" " ind2=" ">
    <subfield code="a">526 p. ; </subfield>
    <subfield code="c">19 cm.</subfield>
  </datafield>
  <datafield tag="490" ind1="1" ind2=" ">
    <subfield code="a">El Futuro de la Verdad ; </subfield>
    <subfield code="v">19</subfield>
  </datafield>
  <datafield tag="611" ind1="0" ind2="4">
    <subfield code="a">Concilio Vaticano (</subfield>
    <subfield code="n">2&#xBA;. </subfield>
    <subfield code="d">1962-1965)</subfield>
    <subfield code="9">122</subfield>
  </datafield>
  <datafield tag="700" ind1="0" ind2=" ">
    <subfield code="a">Alonso de los R&#xED;os, C&#xE9;sar.</subfield>
    <subfield code="9">20289</subfield>
  </datafield>
  <datafield tag="830" ind1="0" ind2=" ">
    <subfield code="a">El Futuro de la Verdad ; </subfield>
    <subfield code="v">19</subfield>
    <subfield code="9">180936</subfield>
  </datafield>
  <datafield tag="852" ind1=" " ind2=" ">
    <subfield code="a">ES-MaACL</subfield>
    <subfield code="j">D-2317</subfield>
  </datafield>
  <datafield tag="999" ind1=" " ind2=" ">
    <subfield code="c">94988</subfield>
    <subfield code="d">94988</subfield>
  </datafield>
  <datafield tag="952" ind1=" " ind2=" ">
    <subfield code="0">0</subfield>
    <subfield code="1">0</subfield>
    <subfield code="4">0</subfield>
    <subfield code="7">0</subfield>
    <subfield code="a">ATENEOM</subfield>
    <subfield code="b">ATENEOM</subfield>
    <subfield code="c">SVI</subfield>
    <subfield code="d">2017-09-21</subfield>
    <subfield code="e">DON</subfield>
    <subfield code="l">0</subfield>
    <subfield code="o">D-2317</subfield>
    <subfield code="p">901198017</subfield>
    <subfield code="r">2023-02-23 00:00:00</subfield>
    <subfield code="w">2023-02-23</subfield>
    <subfield code="y">MONOGRAFIA</subfield>
  </datafield>
</record>
